| 000 | 01159nas a2200373 4500 | ||
|---|---|---|---|
| 001 | BR0702235 | ||
| 003 | BR-BrBNA | ||
| 005 | 20231205110740.0 | ||
| 007 | ta | ||
| 008 | 230509b bl.|||p| |||| 00| 00por d | ||
| 040 |
_aBR-BrBNA _bpor _cBiblioteca Nacional de Agricultura |
||
| 041 | _a(Pt) | ||
| 072 | _aL02; L51 | ||
| 100 | 1 | _aLana, R. de P. | |
| 100 | 1 | _aCamardelli, M.M.L. | |
| 100 | 1 | _aRodrigues, M.T. | |
| 100 | 1 | _aEifert, E. da C. | |
| 100 | 1 | _aOliveira, M.V.M. de | |
| 100 | 1 | _aStradiotti Júnior, D. | |
| 100 | 1 | _aOliveira, J.S. de | |
| 245 | 1 | _aÓleo de soja e própolis na alimentação de cabras leiteiras: consumo de matéria seca e de nutrientes e parâmetros de fermentação ruminal | |
| 650 | _aCABRA LEITEIRA | ||
| 650 | _aSOJA | ||
| 650 | _aÓLEO VEGETAL | ||
| 650 | _aPRÓPOLIS | ||
| 650 | _aCONSUMO | ||
| 650 | _aMATÉRIA SECA | ||
| 650 | _aRÚMEN | ||
| 650 | _aFERMENTAÇÃO | ||
| 650 | _aCOMPOSIÇÃO DE ALIMENTO | ||
| 773 | 0 |
_tRevista Brasileira de Zootecnia (Brazil) _xISSN 1516-3598 _g(Jan-Feb 2007), v. 36(1) p. 191-197 _wBR0702235 |
|
| 909 |
_a202311 _bLúcia _c55 _dLúcia Elande |
||
| 942 |
_2AGRIS _n0 _cANA |
||
| 999 |
_c188864 _d188864 |
||